Statistics for Harry Potter Characters by Picture

Click here to take the quiz!

General Stats

  • This quiz has been taken 34,856 times
  • The average score is 18 of 20

Answer Stats

Answer% Correct
Harry Potter
100%
Hermione Granger
99%
Ron Weasley
99%
Albus Dumbledore
98%
Severus Snape
98%
Voldemort
98%
Rubeus Hagrid
97%
Draco Malfoy
96%
Ginny Weasley
92%
Dobby
91%
Sirius Black
90%
Luna Lovegood
89%
Neville Longbottom
87%
Bellatrix Lestrange
85%
Minerva McGonagall
85%
Alastor Moody
82%
Cedric Diggory
82%
Remus Lupin
82%
Dolores Umbridge
81%
Peter Pettigrew
78%

Score Distribution

Percentile by Number Answered

Percent of People with Each Score

Your Score History

You have not taken this quiz